El Tresor dels pobres i altres contes de consol, estímul i dignitat per als nois de condició humil / R. Suriñach Sentíes ; amb un conte model d'Enric de Fuentes ; il·lustracions de J.G. Junceda
Descripción Física:
XXXI, 119 p. : il., [3] f. ; 20 cm
Materias:
Contes catalans -- S. XX
MARC
| LEADER | 00000nam a2200000Ia 4500 | ||
|---|---|---|---|
| 001 | 652 | ||
| 008 | 160829s1921 xx 000 0 cat d | ||
| 080 | |a L-1-116 | ||
| 100 | |a Suriñach Senties, Ramon |9 38161 | ||
| 245 | |a El Tresor dels pobres i altres contes de consol, estímul i dignitat per als nois de condició humil / R. Suriñach Sentíes ; amb un conte model d'Enric de Fuentes ; il·lustracions de J.G. Junceda | ||
| 250 | |a Ed. d'ofrena | ||
| 260 | |a Barcelona : |b (Fidel Giró, imp.), |c 1921 | ||
| 300 | |a XXXI, 119 p. : |b il., [3] f. ; |c 20 cm | ||
| 650 | |a Contes catalans |x S. XX |9 27909 | ||
| 700 | |a Fuentes, Enric de |9 38162 | ||
| 700 | 1 | |a Junceda, Joan |9 33182 | |
| 901 | |a Arxiu | ||
| 942 | |n 1 | ||
| 952 | |0 0 |1 0 |4 0 |6 L1116 |7 1 |9 48301 |a Arxiu |b Arxiu |d 2016-12-01 |l 0 |o L-1-116 |p 652 |r 2016-12-01 00:00:00 |w 2016-12-01 |y ARXIU | ||
| 999 | |c 52107 |d 52107 | ||